Văn hóa dân gian người Thổ
Khái quát về người Thổ và một số tác phẩm văn học dân gian tiêu biểu của người Thổ
Đã lưu trong:
| Định dạng: | Sách |
|---|---|
| Năm xuất bản: |
H.
Văn hoá dân tộc
2011
|
| Chủ đề: | |
| Tags: |
Thêm thẻ
Không có thẻ, Hãy là người đầu tiên gắn thẻ bản ghi này!
|
| LEADER | 00946nam a2200193 4500 | ||
|---|---|---|---|
| 082 | |a 398.0959742 |b V114h. | ||
| 100 | |a | ||
| 245 | |a Văn hóa dân gian người Thổ |c Lê Mai Oanh sưu tầm và giới thiệu | ||
| 260 | |a H. |b Văn hoá dân tộc |c 2011 | ||
| 300 | |a 287 tr. |c 21 cm. | ||
| 520 | |a Khái quát về người Thổ và một số tác phẩm văn học dân gian tiêu biểu của người Thổ | ||
| 653 | |a Văn hóa dân gian | ||
| 653 | |a Dân tộc Thổ | ||
| 653 | |a Nghệ An | ||
| 653 | |a Việt Nam | ||
| 942 | |2 ddc |c STK0 | ||
| 999 | |c 7924 |d 7924 | ||
| 952 | |0 0 |1 0 |2 ddc |4 0 |6 398_095974200000000_V114H |7 0 |8 300 |9 68953 |a qbu |b qbu |c D2 |d 2015-03-29 |g 56000 |o 398.0959742 V114h. |p 8047.c1 |r 0000-00-00 |w 2015-03-29 |y STK0 |0 0 |6 398_095974200000000_V114H | ||
| 952 | |0 0 |1 0 |2 ddc |4 0 |6 398_095974200000000_V114H |7 0 |8 300 |9 68954 |a qbu |b qbu |c D2 |d 2015-03-29 |g 56000 |o 398.0959742 V114h. |p 8047.c2 |r 0000-00-00 |w 2015-03-29 |y STK0 |0 0 |6 398_095974200000000_V114H | ||